000
00477nam a2200133Ia 4500
008
100328s9999 xx 000 0 und d
082
_b
73397
100
_a
तांदळे ज्ञानेश्वर
245
_a
श्रीभक्तिविजय कथासार.
260
_b
अमोल.
630
_a
श्रीभक्तिविजय कथासार.
730
_a
श्रीभक्तिविजय कथासार.
942
_c
BOOK
999
_c
559118
_d
559115